Statistiques concernant Pays où les gens sont les plus grands

Cliquez ici pour prendre le quiz!

Statistiques générales

  • Ce quiz a été pris 210 fois
  • Le résultat moyen est 11 sur 15

Statistiques - réponses

Taille moyenne (en cm)Pays% Correct
179,7France
94%
179,9Allemagne
90%
179,7Suède
89%
182,5Pays-Bas
86%
178,1Canada
84%
179,6Finlande
82%
176,6Espagne
79%
177,5Royaume-Uni
79%
177,8Italie
76%
177,1Etats-Unis
74%
177,3Pologne
71%
179,2Australie
64%
177,3Grèce
42%
181,4Lettonie
42%
176,9Israël
14%

Distribution des résultats

Percentile par nombre de réponses

% des personnes avec chaque résultat

Votre développement - résultats

Vous n’avez pas pris ce quiz